书目信息 |
| 题名: |
世界文坛的传奇
|
|
| 作者: | 何茂荣 编著 | |
| 分册: | ||
| 出版信息: | 长春 吉林人民出版社 2011 |
|
| 页数: | 127页 | |
| 开本: | 23cm | |
| 丛书名: | 历史的丰碑丛书 | |
| 单 册: | ||
| 中图分类: | K837.125.6=533 , K837.125 | |
| 科图分类: | ||
| 主题词: | ||
| 电子资源: | ||
| ISBN: | 978-7-206-07623-7 | |
| 000 | 00840oam2 22002651 450 | |
| 001 | 2353968096 | |
| 005 | 20231117110152.30 | |
| 010 | @a978-7-206-07623-7@dCNY35.00 | |
| 100 | @a20120926d2011 cemy0chiy50 ea | |
| 101 | 0 | @achi |
| 102 | @aCN@b220000 | |
| 105 | @aa z 000yb | |
| 200 | 1 | @a世界文坛的传奇@Ashi jie wen tan de chuan qi@e海明威@f何茂荣编著 |
| 210 | @a长春@c吉林人民出版社@d2011 | |
| 215 | @a127页@c照片@d23cm | |
| 225 | 2 | @a历史的丰碑丛书@i文学艺术家卷@f胡维革,邢万生主编 |
| 410 | 0 | @12001 @a历史的丰碑丛书 |
| 410 | 0 | @12001 @a文学艺术家卷 |
| 600 | 0 | @a海明威@c(Hemingway, Ernest@f1899-1961)@x传记 |
| 600 | 0 | @a海明威@c(Hemingway, Ernest@f1899-1961) |
| 690 | @aK837.125.6=533@v5 | |
| 690 | @aK837.125@v4 | |
| 701 | 0 | @a何茂荣@Ahe mao rong@4编著 |
| 801 | 0 | @aCN@b91MARC@c20130904 |
| 905 | @aZUCC@dK837.125@e61 | |
| 世界文坛的传奇:海明威/何茂荣编著.-长春:吉林人民出版社,2011 |
| 127页:照片;23cm.-(历史的丰碑丛书.文学艺术家卷/胡维革,邢万生主编) |
| ISBN 978-7-206-07623-7:CNY35.00 |
| ● |
| 相关链接 |
|
|
|
正题名:世界文坛的传奇
索取号:K837.125/61
 
预约/预借
| 序号 | 登录号 | 条形码 | 馆藏地/架位号 | 状态 | 备注 |
| 1 | 2001017347 | 2001017347 | 第四书库/四30架B面3层4列/ [索取号:K837.125/61] | 在馆 | |
| 2 | 2001017348 | 2001017348 | 第四书库/四30架B面3层4列/ [索取号:K837.125/61] | 在馆 | |
| 3 | 2001017349 | 2001017349 | 第四书库/四30架B面3层4列/ [索取号:K837.125/61] | 在馆 | |
| 4 | 2001017350 | 2001017350 | 第四书库/四30架B面3层4列/ [索取号:K837.125/61] | 在馆 | |
| 5 | 2001017351 | 2001017351 | 第四书库/四30架B面3层4列/ [索取号:K837.125/61] | 在馆 | |
| 6 | 2001017352 | 2001017352 | 第四书库/四30架B面3层4列/ [索取号:K837.125/61] | 在馆 |